LIBRARY ONLINE CATALOGUE

The trinity of sin / (Record no. 9942)

MARC details
000 -LEADER
fixed length control field 00674nam a22002292 4500
001 - CONTROL NUMBER
control field 0000023727
005 - DATE AND TIME OF LATEST TRANSACTION
control field 20151217152247.0
008 - FIXED-LENGTH DATA ELEMENTS--GENERAL INFORMATION
fixed length control field 130320s xx 000 0 eng d
020 ## - INTERNATIONAL STANDARD BOOK NUMBER
International Standard Book Number 9966003188 :
040 ## - CATALOGING SOURCE
Original cataloging agency KABU
Transcribing agency KABU
100 1# - MAIN ENTRY--PERSONAL NAME
Personal name Turaki, Yusufu.
-- 0000157887
245 14 - TITLE STATEMENT
Title The trinity of sin /
Statement of responsibility, etc. Yusufu Turaki.
250 ## - EDITION STATEMENT
Edition statement 1st ed.
260 ## - PUBLICATION, DISTRIBUTION, ETC. (IMPRINT)
Place of publication, distribution, etc. Nairobi, Kenya :
Name of publisher, distributor, etc. Hippobooks,
Date of publication, distribution, etc. 2012.
300 ## - PHYSICAL DESCRIPTION
Extent xiv, 194 p.
650 #0 - SUBJECT ADDED ENTRY--TOPICAL TERM
Topical term or geographic name as entry element Sin
General subdivision christianity.
-- 0000183389
650 #0 - SUBJECT ADDED ENTRY--TOPICAL TERM
Topical term or geographic name as entry element Theology
Geographic subdivision Africa.
-- 0000159544
650 #0 - SUBJECT ADDED ENTRY--TOPICAL TERM
Topical term or geographic name as entry element Jesus christ
General subdivision crucifixion.
-- 0000183390
852 1# - LOCATION
-- p990 KES
908 ## - PUT COMMAND PARAMETER (RLIN)
Put command parameter 130320
950 ## - LOCAL HOLDINGS (RLIN)
-- 1
Holdings
Withdrawn status Lost status Source of classification or shelving scheme Not for loan Home library Current library Date acquired Total Checkouts Full call number Barcode Date last seen Date last checked out Price effective from Koha item type
    Library of Congress Classification   Kabarak, Main Campus Kabarak, Main Campus 17/12/2015 2 BT715 .T87 2012 c.1 014725 02/08/2024 07/06/2019 17/12/2015 General Collection